000 00313nam a22001337a 4500
082 _a030(T)
_bOXF/R
100 _aOXFORD
245 _aROGET'S INTERNATIONAL THESAURUS
250 _aTHIRD EDITION
260 _aDELHI
_bOXFORD & IBH PUBLISHING CO
_c2005
300 _a1256
650 _aTHESAURUS
_zINDIA
942 _cBK
999 _c2141
_d2141